Dobšiná. Kalendár podujatí v roku ...

Bibliographic Details
Corporate Author: Dobšiná (Slovensko). Mestský úrad (Author)
Format: Serial
Language:Slovak
PhysicalDescription:zv. 21 x 15 cm
Published: Dobšiná Mestský úrad [1998]
Subjects:

MARC

LEADER 00000cas a2200000 a 4500
001 vtls001357388
003 SK-MaSNL
005 20260228155726.0
008 160415d19uu19uuxo ar 5 0 0 0slo
015 |a SNBE1999/03-01353 (r. 1998) 
035 |a SNK000310881 
040 |a SNK  |b slo  |c SNK  |e AACR2 
041 0 |a slo 
043 |a e-xo--- 
044 |a xo  |c SK 
072 7 |a 394  |x Verejný a spoločenský život. Každodenný život  |2 konspekt 
080 |a (437.6)  |2 2001 
080 |a (059)  |2 2011 
080 |a 050  |2 2011 
080 |a 394.1/.7  |2 2011 
110 1 |a Dobšiná (Slovensko).  |b Mestský úrad  |4 aut  |9 168882 
245 1 0 |a Dobšiná. Kalendár podujatí v roku ... 
260 |a Dobšiná  |b Mestský úrad  |c [1998] 
300 |a zv.  |c 21 x 15 cm 
500 |a Súčasťou názvu je označenie bežného roku 
650 0 7 |a kultúrne podujatia  |2 SNKPH  |9 71676 
651 0 7 |a Dobšiná (Slovensko)  |2 SNKPHgeo  |9 26940 
655 7 |a kalendáre  |2 SNKPH  |9 70450 
910 |a snk 
958 |a TL 
958 |a BQ 
999 |c 341  |d 341 
952 |0 0  |1 0  |4 0  |7 0  |a SNK  |b SNK  |d 1999-03-16  |i snkKSP 2850/99  |l 0  |o snkČSD 2113/1998  |p 17A0211658  |r 2005-01-02 00:00:00  |w 2026-02-21  |y PREZ